Every planar map is four colorable /

Guardado en:
Autor Principal: Appel, Kenneth I., 1932-
Otros Autores: Haken, Wolfgang.
Formato: Libro
Idioma:English
Publicado: Providence, R.I. : American Mathematical Society, c1989.
Series:Contemporary mathematics (American Mathematical Society) ; v. 98.
Materias:
Etiquetas: Agregar Etiqueta
Sin Etiquetas, Sea el primero en etiquetar este registro!
LEADER 01153pam a2200265 a 4500
001 MAT.inmabb003256
008 890605s1989####riua#####b####000#0#eng##
005 20130304162737.0
245 1 0 |a Every planar map is four colorable /  |c Kenneth Appel and Wolfgang Haken. 
260 |a Providence, R.I. :  |b American Mathematical Society,  |c c1989. 
300 |a xv, 741 p. :  |b il. ;  |c 26 cm. 
490 1 |a Contemporary mathematics,  |x 0271-4132 ;  |v v. 98 
500 |a "We present an emended version of our proof of the Four-Color Theorem in a form as self-contained as we can make it. In addition, we have included a proof that four coloring of planar maps can be done in polynomial time"--Authors' note. 
504 |a Incluye referencias bibliográficas. 
510 4 |a MR,  |c 91m:05079 
020 |a 0821851039 
100 1 |a Appel, Kenneth I.,  |d 1932- 
700 1 |a Haken, Wolfgang. 
830 0 |a Contemporary mathematics (American Mathematical Society) ;  |v v. 98. 
246 3 |a Every planar map is 4 colorable 
650 0 |a Four-color problem. 
084 |a 05C15  |2 msc2000 
010 |a  89015011  
040 |a DLC  |c DLC  |d DLC 
859 |h 05  |i Ap646  |p A-6818  |b BIB. MATEMATICA